Social development in pakistan 2000 : (Record no. 345352)
[ view plain ]
| 000 -LEADER | |
|---|---|
| fixed length control field | 01248 a2200229 4500 |
| 020 ## - INTERNATIONAL STANDARD BOOK NUMBER | |
| International Standard Book Number | 0195796098 |
| 020 ## - INTERNATIONAL STANDARD BOOK NUMBER | |
| International Standard Book Number | 9780195796094 |
| 090 ## - LOCALLY ASSIGNED LC-TYPE CALL NUMBER (OCLC); LOCAL CALL NUMBER (RLIN) | |
| -- | 2862 |
| -- | 2862 |
| 100 1# - MAIN ENTRY--PERSONAL NAME | |
| Personal name | Pasha, Hafiz A. |
| 245 10 - TITLE STATEMENT | |
| Title | Social development in pakistan 2000 : |
| Remainder of title | towards poverty reduction : |
| -- | annual review / |
| Statement of responsibility, etc. | Hafiz A. Pasha. |
| 260 ## - PUBLICATION, DISTRIBUTION, ETC. | |
| Place of publication, distribution, etc. | [S.l.] : |
| Name of publisher, distributor, etc. | OUP Pakistan, |
| Date of publication, distribution, etc. | 2001. |
| 300 ## - PHYSICAL DESCRIPTION | |
| Extent | 266 p. ; |
| Dimensions | 28 cm. |
| 500 ## - GENERAL NOTE | |
| General note | Paperback. |
| 520 ## - SUMMARY, ETC. | |
| Summary, etc. | "Towards Poverty Reduction", SPDC's third annual review of social development in Pakistan, proposes a three-pronged comprehensive poverty reduction strategy focusing on greater opportunity, empowerment, and welfare, which goes substantially beyond what the government is doing. This review has been prepared by the Social Policy and Develpment Centre in order to promote informed discussion and action on vital sector issues facing the country today. |
| 700 1# - ADDED ENTRY--PERSONAL NAME | |
| Personal name | Ghaus-Pasha, Aisha. |
| 700 1# - ADDED ENTRY--PERSONAL NAME | |
| Personal name | Zafar, H. |
| 700 1# - ADDED ENTRY--PERSONAL NAME | |
| Personal name | Centre, Pakistan Social Policy & Development. |
| 700 1# - ADDED ENTRY--PERSONAL NAME | |
| Personal name | Ismail, Zafar. |
| 856 40 - ELECTRONIC LOCATION AND ACCESS | |
| Materials specified | Amazon.com |
| Uniform Resource Identifier | <a href="http://www.amazon.com/exec/obidos/ASIN/0195796098/chopaconline-20">http://www.amazon.com/exec/obidos/ASIN/0195796098/chopaconline-20</a> |
| 856 40 - ELECTRONIC LOCATION AND ACCESS | |
| Materials specified | Amazon customer reviews |
| Uniform Resource Identifier | <a href="http://www.chopac.org/cgi-bin/tools/azrev.pl?q=0195796098">http://www.chopac.org/cgi-bin/tools/azrev.pl?q=0195796098</a> |
| 942 ## - ADDED ENTRY ELEMENTS (KOHA) | |
| Institution code [OBSOLETE] | NBS |
| Koha item type | Book |
| Call number prefix | 305.23 OXF |
| Withdrawn status | Lost status | Damaged status | Not for loan | Permanent Location | Current Location | Date acquired | Total Checkouts | Full call number | Barcode | Date last seen | Date last checked out | Price effective from | Koha item type |
|---|---|---|---|---|---|---|---|---|---|---|---|---|---|
| Central Library (CL) | Central Library (CL) | 08/28/2013 | 1 | 305.23 OXF | NBS6230 | 07/04/2022 | 08/22/2017 | 08/28/2013 | Book |
